| 000 | 00906nam a2200253Ia 4500 | ||
|---|---|---|---|
| 003 | OSt | ||
| 005 | 20221005105500.0 | ||
| 006 | a|||||r|||| 00| 0 | ||
| 007 | ta | ||
| 008 | 221004b |||||||| |||| 00| 0 hin d | ||
| 024 | _a75702 | ||
| 037 | _cTextual | ||
| 040 |
_aCRL _cCRL _bhin |
||
| 041 |
_2hin _ahin |
||
| 082 | _aU25A-671(T6), N2 | ||
| 100 |
_aआबिदी, एस ए एच, संपा. _9623915 |
||
| 245 | 0 | _aसमुद्री संसाधनो से औषधियॉं | |
| 246 | _aSamudrī sansādhano se auṣhadhiyaॉan | ||
| 260 |
_aनई दिल्ली _bमहासागर विकास विभाग भारत _c1992 |
||
| 300 |
_a141चण् _ccm. |
||
| 650 | _aभारतीय-भूगोल | ||
| 942 |
_hU25A-671(T6), N2 _cTEXL _2cc |
||
| 999 |
_c1015969 _d1015969 |
||